| 000 | 00518nam a2200181Ia 4500 | ||
|---|---|---|---|
| 001 | 4171 | ||
| 005 | 20260306145736.0 | ||
| 008 | 260306t2021||||xx |||||||||||||| ||spa|| | ||
| 041 | _aESP | ||
| 082 |
_a307.76 _bL96 |
||
| 100 |
_aLudeña Urquizo, Wiley _eAUT |
||
| 245 | 0 |
_aTerritorios, ciudades y arquitecturas sur-sur: _bprocesos históricos y desafíos. Diálogos Metropolitanos Lima/Salvador |
|
| 260 | _c2021 | ||
| 300 |
_a326 páginas : _c24 cm. |
||
| 650 | _aGEN | ||
| 654 | _aCAU | ||
| 942 |
_cLIB _dJUS _fJUS _2ddc _n |
||
| 999 |
_c4171 _d4171 |
||